01516nam a2200397 a 450000100060000000300080000600500170001400600190003100700150005000800410006502000180010603500230012403500240014703500250017103500210019604000260021705000210024308000120026408200180027610000200029424501500031426001630046430000110062744000350063853301640067365000260083765000230086365000120088665000150089865000230091365100460093665500270098270000280100971000190103785600620105647475FlNmELB20241216231852.0m o d | cr cn|||||||||201002r2007 mx |||||s|||||||||||spa d z9789684966338 a(MiAaPQ)EBC3186221 a(Au-PeEL)EBL3186221 a(CaPaEBR)ebr10357119 a(OCoLC)928932682 aFlNmELBbspacFlNmELB 4aF1321bR311 2007 a321(72)04a324.272742221 aRecondo, David.13aLa política del gatopardoh[recurso electronico] :bmulticulturalismo y democracia en Oaxaca /cDavid Recondo ; traducción de Josefina Anaya. aMéxico, D.F. :bCIESAS - Centro de Investigaciones y Estudios Superiores en Antropología Social :bCentro de Estudios Mexicanos y Centroamericanos,c2007. a486 p. 0aPublicaciones de la Casa Chata aRecurso electrónico. Santa Fe, Arg.: e-libro, 2015. Disponible vía World Wide Web. El acceso puede estar limitado para las bibliotecas afiliadas a e-libro. 4aDemocraciazMéxico. 4aMulticulturalismo. 4aIndios. 4aDemocracy. 4aPolitical science. 4aOaxaca (Mexico)xPolitics and government. 4aLibros electrónicos.1 aAnaya, Josefina,etrad.2 ae-libro, Corp.40uhttps://elibro.net/ereader/politecnicointernacional/72483